Piosenki zaczynające się od tego samego słowa - Statystyki

Ogólne statystyki
  • Ten quiz został rozwiązany 18 razy
  • Średni wynik to 10 z 22
Statystyki odpowiedzi
Tytuły Odpowiedź % Poprawnych
a Prayer, a Virgin Like
88%
There Delilah, Jude Hey
75%
My Breath Away, It to The Limit Take
69%
to Run, in the U.S.A. Born
63%
Criminal, Operator Smooth
63%
Pie, Woman American
56%
Teardrop is a Waterfall, Breath You Take Every
50%
Rabbit, Wedding White
50%
No Sunshine, Too Proud to Beg Ain't
44%
Girls Don't Cry, Yellow Taxi Big
44%
Buy Me Love, Fight This Feeling Can't
44%
Don't Cost a Thing, Shack Love
44%
on Broken Glass, in Memphis Walking
44%
Got Back, I Love Your Way Baby
38%
on the Chain Gang, in Black Back
38%
in the Fast Lane, is a Highway Life
38%
Moon Rising, Medicine Bad
31%
Magic Woman, Hole Sun Black
31%
the Casbah, Me Amadeus Rock
31%
on the Ceiling, in the Streets Dancing
25%
by Me, by Your Man Stand
25%
Times a Lady, Coins in the Fountain Three
25%
Nie znaleziono quizów pasujących do podanych kryteriów
Rozkład punktacji
Procent ludzi z każdym wynikiem
Percentyl według liczby udzielonych odpowiedzi
Twoja historia wyników
Nie rozwiązałeś tego quizu